Сварка и диагностика (Запись № 3675077)

Подробности
000 -МАРКЕР
контрольное поле 02454nas1a22003731 4500
001 - ИДЕНТИФИКАТОР ЗАПИСИ
контрольное поле RU\NLR\Per\678337
005 - ИДЕНТИФИКАТОР ВЕРСИИ
контрольное поле 20260427152937.0
011 ## - МЕЖДУНАРОДНЫЙ СТАНДАРТНЫЙ НОМЕР СЕРИАЛЬНОГО ИЗДАНИЯ (ISSN)
Номер (ISSN) 2071-5234
035 ## - ДРУГИЕ СИСТЕМНЫЕ НОМЕРА
Идентификатор записи (NLR Aleph) 002926687
100 ## - ДАННЫЕ ОБЩЕЙ ОБРАБОТКИ
Данные общей обработки 20260503 rusy50
101 0# - ЯЗЫК РЕСУРСА
Язык текста, звукозаписи и т.д. русский
102 ## - СТРАНА ПУБЛИКАЦИИ ИЛИ ПРОИЗВОДСТВА
Страна публикации Российская Федерация
110 ## - ПОЛЕ КОДИРОВАННЫХ ДАННЫХ: ПРОДОЛЖАЮЩИЕСЯ РЕСУРСЫ
Кодированные данные продолжающегося ресурса ag|||||||||
200 1# - ЗАГЛАВИЕ И СВЕДЕНИЯ ОБ ОТВЕТСТВЕННОСТИ
Основное заглавие Сварка и диагностика
Сведения, относящиеся к заглавию журнал для специалистов по сварке, контролю и диагностике
Первые сведения об ответственности Нац. агентство контроля и сварки
210 ## - ПУБЛИКАЦИЯ, РАСПРОСТРАНЕНИЕ И ДР.
Место издания, распространения и т.д. Москва
Имя издателя, распространителя и т. д. Мастер-класс
Дата издания, распространения и т.д. 2007 -
311 ## - ПРИМЕЧАНИЯ, ОТНОСЯЩИЕСЯ К ПОЛЯМ СВЯЗИ (ПРИМЕЧАНИЯ О СВЯЗИ С ДРУГИМИ ПРОИЗВЕДЕНИЯМИ (ИЗДАНИЯМИ))
Текст примечания Выходит взамен журн.: Сварщик-профессионал
432 #0 - ЗАМЕНЕН
Встроенное поле 2001#$aСварщик-профессионал
Заглавие Сварщик-профессионал
606 1# - НАИМЕНОВАНИЕ ТЕМЫ КАК ПРЕДМЕТ
Наименование темы Сварка
Формальный подзаголовок Периодические издания
Системный номер авторитетной/нормативной записи 987028
Идентификатор авторитетной/нормативной записи RU\NLR\AUTH\6654217
606 1# - НАИМЕНОВАНИЕ ТЕМЫ КАК ПРЕДМЕТ
Наименование темы Техническая диагностика
Формальный подзаголовок Периодические издания
Системный номер авторитетной/нормативной записи 1049064
Идентификатор авторитетной/нормативной записи RU\NLR\AUTH\6687174
686 1# - ИНДЕКСЫ ДРУГИХ КЛАССИФИКАЦИЙ
Индекс Ж15я52
686 1# - ИНДЕКСЫ ДРУГИХ КЛАССИФИКАЦИЙ
Индекс Ж616я52
712 02 - НАИМЕНОВАНИЕ ОРГАНИЗАЦИИ - ВТОРИЧНАЯ ОТВЕТСТВЕННОСТЬ
Код отношения Прочие
Начальный элемент ввода Национальная ассоциация контроля и сварки
Идентифицирующий признак Москва
Системный номер авторитетной/нормативной записи 771931
Идентификатор авторитетной/нормативной записи RU\NLR\AUTH\8810138291
712 02 - НАИМЕНОВАНИЕ ОРГАНИЗАЦИИ - ВТОРИЧНАЯ ОТВЕТСТВЕННОСТЬ
Код отношения Прочие
Начальный элемент ввода Национальное агентство контроля и сварки
Идентифицирующий признак Москва
Системный номер авторитетной/нормативной записи 871098
Идентификатор авторитетной/нормативной записи RU\NLR\AUTH\8810190200
712 02 - НАИМЕНОВАНИЕ ОРГАНИЗАЦИИ - ВТОРИЧНАЯ ОТВЕТСТВЕННОСТЬ
Код отношения Прочие
Начальный элемент ввода Национальное агентство контроля сварки
Идентифицирующий признак Москва
Системный номер авторитетной/нормативной записи 835076
Идентификатор авторитетной/нормативной записи RU\NLR\AUTH\880584598
852 ## - МЕСТОНАХОЖДЕНИЕ И ШИФР ХРАНЕНИЯ
Идентификатор организации NLR
Шифр хранения (Call Number) П11/5654
942 ## - ДОПОЛНИТЕЛЬНЫЕ ЭЛЕМЕНТЫ ЗАПИСИ (АБИС)
Тип экземпляра АБИС Журнал
980 ## - КОЛЛЕКЦИЯ
Название коллекции Национальная библиография
980 ## - КОЛЛЕКЦИЯ
Название коллекции Русская периодика

Нет доступных экземпляров.